Quantum field theory and critical phenomena (Record no. 12137)

MARC details
000 -LEADER
fixed length control field 00651nam a2200205Ia 4500
003 - CONTROL NUMBER IDENTIFIER
control field IN-BaIIA
008 - FIXED-LENGTH DATA ELEMENTS--GENERAL INFORMATION
fixed length control field 211028s9999 xx 000 0 eng d
020 ## - INTERNATIONAL STANDARD BOOK NUMBER
International Standard Book Number 0-19-851882-X
040 ## - CATALOGING SOURCE
Transcribing agency IIA Library
080 ## - UNIVERSAL DECIMAL CLASSIFICATION NUMBER
Universal Decimal Classification number 530.145
Item number ZIN
100 ## - MAIN ENTRY--PERSONAL NAME
Personal name Zinn-Justin, Jean
9 (RLIN) 21169
245 #0 - TITLE STATEMENT
Title Quantum field theory and critical phenomena
Statement of responsibility, etc. Jean Zinn-Justin
250 ## - EDITION STATEMENT
Edition statement 3rd ed.
260 ## - PUBLICATION, DISTRIBUTION, ETC.
Place of publication, distribution, etc. Oxford
Name of publisher, distributor, etc. Clarendon Press
Date of publication, distribution, etc. 1996
300 ## - PHYSICAL DESCRIPTION
Extent xxii, 1008p.
490 ## - SERIES STATEMENT
Series statement International series of monographs on physics; 92
650 ## - SUBJECT ADDED ENTRY--TOPICAL TERM
Topical term or geographic name entry element Electromagnetic fields
9 (RLIN) 2908
650 ## - SUBJECT ADDED ENTRY--TOPICAL TERM
Topical term or geographic name entry element Quantum field theory
9 (RLIN) 6197
942 ## - ADDED ENTRY ELEMENTS (KOHA)
Koha item type Books
Holdings
Withdrawn status Lost status Damaged status Not for loan Home library Current library Shelving location Date acquired Cost, normal purchase price Total Checkouts Full call number Barcode Date last seen Cost, replacement price Price effective from Koha item type Purchase Price
        IIA Library-Bangalore IIA Library-Bangalore General Stacks 08/07/1997 2940.00   530.145/ ZIN 13053 05/11/2021 2940.00 08/07/1997 Books Rs. 2940.00

Powered by Koha